01495cam a2200325 a 4500001000500000005001700005020001800022020001500040040002300055050002400078082002000102100001800122245008000140260003400220300004600254490001800300505000700318520028200325521001700607521001700624650006100641650007100702650007300773650004800846650007200894906004500966942001501011999001501026952012801041275520241024111725.0 a9780531225578 a0531225577 aDLCcDLCdDLCbeng00aGV697.A1bS756 201200a796.0922aB2221 aStradley, Don10aSchooled :bIt takes more than magic to make it to the pros /cDon Stradley aNew York :bScholastic,c2012 a112 pages :bcolor illustrations ;c18 cm0 aOn the record aR  aThere's no backing down for Lionel Shepard. With a dream of joining the NBA, all he wants to do at Bluford High is play Basketball. But everyone's trying to stop him. Bad grades, bad advice from family members and friends. Will he pursue his dream or get caught in a nightmare? a830 bLexile aR bRaz-Plus 0aAthleteszUnited StatesvBiographyvJuvenile literature. 0aBasketball playerszUnited StatesvBiographyvJuvenile literature. 0aAfrican American basketball playersvBiographyvJuvenile literature. 0aBaseball playerszUnited StatesvBiography. 0aPitchers (Baseball)zUnited StatesvBiographyvJuvenile literature. a7bcbccorignewd1eecipf20gy-gencatlg 2ddccBKn0 c2755d2755 00102ddc40708NFICa001b001cSNSd2024-01-12l0oSTR 796.0922 GV697.A1pFISSE00649r2024-01-12 11:50:54w2024-01-12yBK